|
|
|
|
| LEADER |
00000cam a2200000 a 4500 |
| 001 |
vtls011835902 |
| 003 |
SK-MaSNL |
| 005 |
20260426000559.0 |
| 008 |
220509s1895 xo 0 an0 hun |
| 015 |
|
|
|a SNBHFA
|
| 035 |
|
|
|a urn:nbn:sk:snk-am00elkx
|
| 035 |
|
|
|a F2492FE2-11B8-47FC-9143-11A8F47F97F7
|
| 035 |
|
|
|a urn:nbn:sk:snk-am00g7i7
|
| 035 |
|
|
|a urn:nbn:sk:snk-am3ijav
|
| 035 |
|
|
|a 1867D63F-31FA-4A21-A0FC-28F0707DCFFA
|
| 040 |
|
|
|a SNKHF
|b slo
|c SNKHF
|e AACR2
|
| 041 |
0 |
|
|a hun
|
| 044 |
|
|
|a xo
|c SK
|
| 072 |
|
7 |
|a 27
|x Kresťanstvo. Kresťanská cirkev všeobecne. Ekleziológia
|2 konspekt
|
| 080 |
|
|
|a 27-7
|2 2011
|
| 080 |
|
|
|a 274
|2 2011
|
| 130 |
2 |
|
|a A Dunáninneni
|9 356239
|
| 245 |
1 |
2 |
|a A Dunáninneni Ág. Hitv. Ev. Egyházkerület
|b 1895. Évi Augusztus-hó 21. És 22. Napjain Pozsonyban Tartott Rendes Közgyülésének Jegyzőkönyve
|
| 260 |
|
|
|a Selmeczbánya
|b Nyomatott Joerges Ágost Özvegye És Fiánal
|c 1895
|
| 300 |
|
|
|a 67 s.
|c 26 cm
|
| 501 |
|
|
|a Prív. 1.: A DUNÁNINNENI Ág. Hitv. Evangelikus Egyházkerület Rendszabályai. Selmeczbánya : Joerges Á. Özv. És Fia Könyvnyomója, 1895.
|5 SNK SB 15965
|
| 610 |
2 |
7 |
|a Evanjelická cirkev a.v.
|2 SNKKA
|9 32425
|
| 650 |
0 |
7 |
|a valné zhromaždenia
|2 SNKPH
|9 49799
|
| 651 |
|
7 |
|a Bratislava (Slovensko)
|2 SNKPHgeo
|9 14568
|
| 655 |
|
7 |
|a zápisnice
|2 SNKPH
|9 325434
|
| 710 |
2 |
|
|a Joerges, Augustín a syn (Banská Štiavnica, Slovensko),
|d 1893-1928
|4 prt
|9 145612
|
| 752 |
|
|
|a Slovensko
|d Banská Štiavnica
|
| 852 |
|
|
|a SNK
|p SB 15965
|
| 958 |
|
|
|a ONDV
|
| 958 |
|
|
|a DF
|
| 999 |
|
|
|c 859633
|d 861563
|
| 952 |
|
|
|a SNK
|b SNK
|y PREZ
|7 0
|p 17A0841190
|o snkSB 15965
|i snkF 1974/70
|8 5
|0 0
|1 0
|4 0
|d 2019-01-22
|f 1
|l 0
|r 2026-02-24 05:08:05
|w 2026-02-24
|